Statistics for Ultimate Harry Potter Spells Quiz

Click here to take the quiz!

General Stats

  • This quiz has been taken 113 times
  • The average score is 40 of 223

Answer Stats

ClueSpell% Correct
Charm used to light up the tip of a wandLumos
93%
Charm used to summon an objectAccio
90%
Charm used to unlock doors and windowsAlohomora
90%
Charm used to mend or repair broken objectsReparo
84%
Charm to put out lightNox
82%
Charm used to make objects fly or levitateWingardium Leviosa
65%
Charm used to disarm an opponentExpelliarmus
63%
Charm used to conjure up waterAguamenti
62%
Curse Unforgivable Used to cause excruciating pain to a victimCrucio
62%
Curse Unforgivable that causes someone to die immediately and painlesslyAvada Kedavra
60%
Charm used to produce a Patronus to defeat a DementorExpecto Patronum
60%
Curse Unforgivable Puts the victim entirely under the castor's controlImperio
60%
Charm used to render an opponent unconscious or stunned or to stop an object brieflyStupefy
60%
Charm used to cut or tear something with precisionDiffindo
59%
Charm used to produce a very bright light that is almost blinding and can be used to light up a whole areaLumos Maxima
59%
Curse invented by Professor Snape that causes cuts and slashes on a victims bodySectumsempra
56%
Curse used to paralyse an opponentPetrificus Totalus
54%
Charm used to create a magical shield around a person or an areaProtego
54%
Charm used to create small explosions often used to blast open doors or windowsBombarda
53%
Curse that is used to blast objects to piecesReducto
53%
Charm used to set fire to things or produce red and orange flames from a wandIncendio
50%
Charm that causes an object or animal to grow bigger can cause it to explodeEngorgio
49%
Jinx that causes an opponent to be lifted into the air and hung upside down by their anklesLevicorpus
49%
Charm used to erase a person's memoryObliviate
47%
Charm used to shrink a creature or object both internally and externallyReducio
46%
Charm used to change the form of a boggart from something scary to something funnyRiddikulus
46%
Charm used to clean or scrub objectsScourgify
41%
Charm used to produce a buzzing sound in the ears of anyone around the caster so nobody can hear their conversationsMuffliato
38%
Charm that causes the victim to be mute or unable to speak or make noiseSilencio
38%
Spell used to heal minor injuries like broken nosesEpiskey
37%
Charm used to produce a bright light similar to a sunbeamLumos Solem
37%
Charm used to repair broken glasses especially Harry'sOculus Reparo
37%
Charm used to create an inpenetrable magical shield around an area used to protect Hogwarts in Battle of Hogwarts (any of the three spells accepted)Protego Maxima Fianto Duri or Repello Inimicum
35%
Charm used to make someone laugh uncontrollably as if they are being tickledRictusempra
35%
Charm that is used to lock doorsColloportus
34%
Spell used to conjure the Dark MarkMorsmordre
34%
Charm that causes a person to become confused and disorientatatedConfundo
32%
Charm that allows a wizard to lift a target off the ground a few inches and move it in any directionLocomotor
32%
Charm used to conjure a flock of birdsAvis
31%
Curse used to set fire to objects by causing them to explodeConfringo
29%
Spell used to conjure up a snakeSerpensortia
29%
Spell used to vanish an object (either spell is acceptable)Evanesce
28%
Wand Effect caused when two wizards with wands sharing the same core duel each otherPriori Incantatem
28%
Charm used as a defensive shield by Hermione to protect their camp in the Forest of DeanSalvio Hexia
28%
Counter Spell used to stop any spell if a specific counter spell is unknown (either spell is acceptable)Finite Incantatem
26%
Jinx that slows an opponent downImpedimenta
26%
Charm used by someone to read the mind of a victimLegilimens
26%
Spell that causes the wand to act like a compass and point northPoint Me
26%
Jinx used to stop a person from holding something making them drop it immediately or repel an object away from anotherRelashio
26%
Spell used to transfigure an animal into a water gobletVera Verto
26%
Curse that produces fire in the shape of creatures using dark magic that kills all that come into contact with itFiendfyre
25%
Charm used to bring unmoving objects or sculptures to life Used by McGonagall during the Battle of HogwartsPiertotum Locomotor
25%
Charm used to make someone dance uncontrollablyTarantallegra
25%
Spell used to repel spiders and acromantulasArania Exumai
24%
Charm used to reveal if there are humans in the surrounding environment or buildingHomenum Revelio
24%
Charm to repel Muggles from an areaRepello Muggletum
24%
Charm that is used to make an object unable to be broken in any wayUnbreakable
24%
Charm used to slow down the speed of an objectArresto Momentum
22%
Charm that sends objects flying away from the castor Counter Charm to the Summoning CharmDepulso
22%
Charm used to repel an opponent or objectFlipendo
22%
Spell to conjure thick ropes or ties to bind a victimIncarcerous
22%
Jinx that causes a person's tongue to become fixed to the top of their mouth making them unable to speakLanglock
22%
Spell used by Hermione to defend their camp in the Forest of DeanProtego Totalum
22%
Charm used to lift the caster high into the air or shoot up to the surface if underwaterAscendio
21%
Hex that turns an opponents bogeys into bats that fly out of their noseBat Bogey
21%
Curse used to create explosions to blast an opponent apart or throw them against the wallExpulso
21%
Curse used to duplicate or multiply an object so it doubles when it is touchedGeminio
21%
Charm used to freeze a person or creatureImmobulus
21%
Counter Curse to the Jinx that causes an opponent to be hung upside down in the air by their ankleLiberacorpus
21%
Charm used to move someone who is unable to walk for whatever reasonMobilicorpus
21%
Jinx that sends an object or creature to attack a victimOppugno
21%
Spell used to conjure flowers from the tip of a wandOrchideous
21%
Charm used to revive a personRennervate
21%
Charm used to conceal a secret inside a person's soulFidelius
19%
Spell used by Dark Wizards to perform dark magic on objects after murder has been committed naming the cursed object as thisHorcrux
19%
Curse used to bind an opponents legs together so they cant moveLocomotor Mortis
19%
Charm used to send out red sparks into the air from the tip of the wandPericulum
19%
Charm used to quieten soundsQuietus
19%
Charm used to blast open a locked chest trunk box or crateCistem Aperio
18%
Charm used to vanish a target or erase the last spell cast from the wandDeletrius
18%
Hex that cause teeth to grow horribly fastDensaugeo
18%
Charm used to turn things to stoneDuro
18%
Charm used to erect or straighten a sculpture or tentErecto
18%
Jinx that causes an opponent to break out in boilsFurnunculus
18%
Charm used to make an object waterproof or to repel water from a person's face in heavy rainImpervius
18%
Jinx that causes the target's legs to collapse so they cannot stand or walkLocomotor Wibbly
18%
Charm used to reveal invisible ink or other hidden messagesAparecium
16%
Charm used to repair a broken Vanishing CabinetHarmonia Nectere Passus
16%
Charm used to levitate plants and trees and move them can also be used on objects made of woodMobiliarbus
16%
Jinx used to sting the victim's flesh that often produces a burn or swelling Hermione tried to disguise Harry from the Snatchers with thisStinging
16%
Spell where one witch or wizard swears an oath to protect or obey anotherUnbreakable Vow
16%
Spell used to heal broken bonesBrackium Emendo
15%
Charm used to gouge out parts of earth or stone from areas like holes or cavesDefodio
15%
Charm used to move a target downwards or cause something to fall lowerDescendo
15%
Charm used to transform a staircase into a smooth slideGlisseo
15%
Spell used to make a snake vanish in a puff of smokeVipera Evanesca
15%
Charm used to shoot a small soft mass of the casters choosing at a target or victimWaddiwasi
15%
Spell used to heal someone who is choking by unblocking their throatAnapneo
13%
Spell used to transfigure something or someone into a flock of birds or bats or a single birdAvifors
13%
Charm used to shrink objectsDiminuendo
13%
Charm used to reveal hidden passagewaysDissendium
13%
Charm used to bandage and splint broken bonesFerula
13%
Charm that causes objects to freeze into ice by freezing the air around the tip of the wandGlacius
13%
Spell that conjures up a blindfold to cover the eyes of an opponentObscuro
13%
Charm used to force a wand to echo its most recent spellPrior Incantato
13%
Counter Curse to the Curse invented by Professor Snape that heals the cuts caused by the spellVulnera Sanentur
13%
Charm used to give someone the ability to breathe underwaterBubble Head
12%
Charm used to set fire to a witch or wizard's cloakLacarnum Inflamari
12%
Charm used to make items pack themselves away into a trunk or suitcasePack
12%
Spell used by Professor Lockhart to capture PixiesPeskipiksi Pesternomi
12%
Curse where a word is used to give away a person's location if they say that wordTaboo
12%
Charm used to unlock doorsAberto
10%
Charm that produces a spout of water from the tip of a wandAqua Eructo
10%
Spell used in duelling that causes an oppinent to stumble and feel a sharp pain in the chestEverte Statum
10%
Charm used to shatter the glass of a window safely so people can walk over itFinestra
10%
Charm that causes a magnified roar to sound from the tip of the wandSonorous
10%
Spell used to lift an object into the airAlarte Ascendare
9%
Charm that sets off a high pitched scream as an alarm if someone enters a certain areaCaterwauling
9%
Charm used to make someone happyCheering
9%
Charm used to make an animal or object change colourColovaria
9%
Charm used to blast holes in floors or in a downward motionDeprimo
9%
Charm used to conceal a target so it becomes like a chameleon and blends in to its surroundingsDisillusionment
9%
Spell used by Hermione to try and get the dragon to fly out of the Vault in Gringotts (either one is accepted)Leviosa or Aviatus
9%
Charm created by Fred and George Weasley that allows a wizard to daydream for 30 minutes without being detectedPatented Daydream
9%
Charm that makes a surface or object bouncy and rubbery to soften itSpongify
9%
Charm used to clean up any liquid or substance from an object or surfaceTergeo
9%
Charm used to expand the inside of an object without changing the look of it on the outside so it remains undetectableCapacious Extremis
7%
Curse that causes the victims eyes to swell till they are completely shutConjunctivitis
7%
Jinx used to transform a creature into a duckDucklifors
7%
Charm used to speed up the growth of plants and flowersHerbivicus
7%
Charm used to make an object float in the air Used by Dobby on a dessertHover Charm
7%
Charm used to increase the size of a target by blowing it up like a balloon Harry used this on Aunt MargeInflatus
7%
Jinx that causes the victim's head to become entirely covered by a pumpkinMelofors
7%
Curse used to make someone vomit slugs and slimeSlugulus Eructo
7%
Jinx that creates a spiralling wind or gust of wind from the tip of the windVentus
7%
Curse that causes an opponent to speak too fast in uncomprehensible language like a baby whenever they try to talkBabbling
6%
Charm that produces a yellow bolt of lightning from the tip of a wandBaubillious
6%
Charm that produces blue flames from the tip of a wandBluebell Flames
6%
Jinx used on an opponent to make them sing uncontrollablyCantis
6%
Charm that creates a retractable magical rope of light to pull an object closer or pull the wizard closer to an objectCarpe Retractum
6%
Charm used as a protective shield to stop someone from seeing or hearing the casterCave Inimicum
6%
Charm used to dry up puddles of water or pondsDrought
6%
Jinx that traps the opponent inside a large bubble that cant be poppedEbublio
6%
Charm that produces a ring of fire from a wandFirestorm
6%
Curse that causes objects to burn victims who touch themFlagrante
6%
Charm used on a werewolf to temporarily change it back to human formHomorphus
6%
Charm used to create a jet of hot air from the tip of the wandHot Air
6%
Hex that changes the legs in a target by reversing their knees from front to bwckKnee Reversal
6%
Jinx that causes leeks to sprout from a person's earsLeek
6%
Charm used by Flitwick to protect the grounds of HogwartsProtego Horribilis
6%
Charm used to refill a container by pointing the wand at itRefilling
6%
Counter Spell used to turn back something or someone who wasnt transfigured properlyReparifarge
6%
Charm used to clean up the green goo or ectoplasm left behind by ghosts by scouring it and used to frighten ghouls and poltergeistsSkurge
6%
Charm used to reveal any charms or hexes that have already been castSpecialis Revelio
6%
Jinx used to make victims trip and fall overTrip
6%
Hex that causes an opponent to grow antlersAnteoculatia
4%
Curse that removes an opponents hair or hatCalvorio
4%
Hex used to make a victims shoes stick to the floor firmly so they cant moveColloshoo
4%
Jinx used to make an opponent act like an insect for a short timeEntomorphis
4%
Spell used to put out firesExtinguishing
4%
Charm used to create a defensive cloud of smokeFumos
4%
Spell used to turn an opponent's hair into a bunch of flowersHerbifors
4%
Jinx that affects the target's brain function and memoryJelly Brain
4%
Spell used to transfigure a creature into a rabbitLapifors
4%
Counter Spell that puts a stop to any changes to the weather caused by spellsMeteolojinx Recanto
4%
Curse that causes a victim to become tongue tied or to stop them from talkingMimble Wimble
4%
Spell used to change the colour or style of an outfitMulticorfors
4%
Jinx used to suck a target into the ground after being levitatedOrbis
4%
Charm that creates a magical partition in a FirestormPartis Temporus
4%
Charm used to fasten two objects together permanently using magicPermanent Sticking
4%
Spell used to break magical shields Used by Voldemort to get to HogwartsShield Penetration
4%
Hex that causes the victim to sneeze uncontrollably for a short period of timeSteleus
4%
Hex that tickles an opponent relentlessly leaving them weakTitillando
4%
Jinx used to attack a group of opponents simultaneouslyCascading
3%
Jinx that conjures up exploding Wizard CrackersCracker
3%
Spell used to transform the colour and style of the casters hairsCrinus Muto
3%
Curse used to make an opponents ears shrivel upEar Shrivelling
3%
Spell used to bind two objects together by making one stickyEpoximise
3%
Charm used to make heavy objects light enough to carryFeather Light
3%
Charm used to change the affect of a fire so it didnt feel like burning but more like a warm breezeFlame Freezing
3%
Spell that follows the target with constant speed until imthey hit the target look similar to a ball of lightHoming
3%
Charm used on a piece of writing to make it unreadableIllegibilus
3%
Charm that creates a magical soundproof barrier on doirs and objects to make it looks undisturbedImperturbable
3%
Spell used to conjure up inanimate objectsInanimatus Conjurus
3%
Charm used to add a page of information on a charmed creature to the Folio Bruti or Book of BeastsInformous
3%
Charm used to detect people or creatures in a building by setting off an alarmIntruder
3%
Charm used to make at least three wizard's combined spells more powerful and effectiveMagicus Extremos
3%
Charm used to remove footprintsObliteration
3%
Charm used to place an object in a specific location without the wizard needing to do it physicallyPlacement
3%
Charm used to link objects together to serve a purposeProtean
3%
Hex used to cause yellowish goo to squirt from a victims nosePus Squirting
3%
Spell used to heal minor injuries and ailments caused by magic like poisoning and paralysisReparifors
3%
Charm used to make a rowboat propel itself without the need of oars Used on the Hogwarts boatsRowboat
3%
Hex that causes sardines to appear out of a victims noseSardine
3%
Spell used to create a small explosion that sounds like a gunshot Used by Harry on a HorcruxShooting
3%
Spell used to detect things or people disguised by magicStealth Sensoring
3%
Hex that causes a victim's toenails to grow at speedToenail Growing
3%
Charm that changes the wand tip to a green flare that emits smoke light and sparksVerdillious
3%
Charm used to make dirty dishes wash themselvesWashing Up
3%
Hex that is used to disguise somethingBedazzling
1%
Spell that causes invisible ties to bind an opponentBrachiabindo
1%
Spell that helps someone cheat in their written exams or testsCribbing
1%
Spell used to transform small objects into a dragonDraconifers
1%
Spell used to open doors but not the door to the Dark Tower (either one is fine)Dunamis or Liberare or Annihilare
1%
Charm to release the ties that someone has been bound withEmancipare
1%
Spell used to bind an opponents arms in luminous cordsFulgari
1%
Charm used to make a person's hair grow thicker and longer very quicklyHair Thickening
1%
Charm used on a map to track the movements of every person in their vicinityHomonculous
1%
Charm created by Basil Horton and Randolph Keitch to stop a broom more preciselyHorton Keitch Braking
1%
Charm used to reverse time for up to 5 hours used on Time TurnersHour Reversal
1%
Hex used on brooms causing it to move wildly until it throws the rider offHurling
1%
Charm used to change the weather and create thunderstormsMetelojinx
1%
Curse used to give the victim a severe and nasty coldMucus ad Nauseam Tria
1%
Hex that causes a victim to mutate or grow another headMutatus Skullus
1%
Spell created by Mcgonagall to create fire to use against SnapeScorching
1%
Spell used to smash glass and cause a huge explosion that destroys everything in the vicinity Used by Bellatrix in the Great HallSmashing
1%
Charm used to move an unconscious person or a seriously deranged person by inducing somnambulismSomnambulist Charm
1%
Charm used to enhance the caster's five senses making them sensitive to everything arpund themSupersensory
1%
Spell used to swap two different objectsSwitching
1%
Spell used to make objects disappear then reappear in a diffetent locationTeleportation
1%
Jinx used to make a target's head turn into a tentacleTentaclifors
1%
Curse used to torture victims to deathTransmogrifian Torture
1%
Charm that produces green sparks from the tip of the wand to use on an enemy to damage them or to reveal their secretsVerdimillous
1%

Score Distribution

Percentile by Number Answered

Percent of People with Each Score

Your Score History

You have not taken this quiz